00346nam a2200121Ia 4500008004000000020001800040082001300058100003300071245003400104260003500138300001200173650003900185210210b1999 xxu||||| |||| 00| 0 eng d a0 521 47854 5 a410 RADL aRADFORD (Andrew) and others. aLinguistics: an introduction. aNew York.bNot Mentionedc1999 axvi,438 aLinguistics Sounds Words Sentences